| 000 | 00571nam a22001937a 4500 | ||
|---|---|---|---|
| 003 | CEME | ||
| 005 | 20210628210502.0 | ||
| 008 | 201231b xxu||||| |||| 00| 0 eng d | ||
| 020 | _a9788131794746 | ||
| 040 | _cceme | ||
| 082 | _a621.395 MAN | ||
| 100 |
_aMano, M. Morris, Ciletti, Michael D _954799 |
||
| 245 | _aDigital design with an introduction to the verilog hdl | ||
| 250 | _a5TH | ||
| 260 |
_aINDIA _bPEARSON EDUCATION _c2014 |
||
| 300 | _aXV, 678P | ||
| 650 |
_aTEXTBOOK-DEE.DIGITAL DESIGN WITH AN INTRODUCTION TO THE VERILOG HD _979583 |
||
| 942 |
_cBK _2ddc |
||
| 999 |
_c584605 _d584605 |
||